Traffic Engineering Over MPLS (Record no. 33561)
[ view plain ]
| 000 -LEADER | |
|---|---|
| fixed length control field | 00478nam a2200133Ia 4500 |
| 008 - FIXED-LENGTH DATA ELEMENTS--GENERAL INFORMATION | |
| fixed length control field | 260210s9999 xx 000 0 und d |
| 024 ## - OTHER STANDARD IDENTIFIER | |
| Standard number or code | 07A-005-TE, 07A-008-TE, 07A-007-TE & 07A-014-TE |
| 082 ## - DEWEY DECIMAL CLASSIFICATION NUMBER | |
| Classification number | 621.382072 DAR |
| 100 ## - MAIN ENTRY--PERSONAL NAME | |
| Personal name | Ali Asghar Daryani, M. Kumayal Daryani, m. Waseem Hamidi & Naveed Anwar |
| 245 #0 - TITLE STATEMENT | |
| Title | Traffic Engineering Over MPLS |
| 260 ## - PUBLICATION, DISTRIBUTION, ETC. | |
| Place of publication, distribution, etc. | Karachi: |
| Name of publisher, distributor, etc. | UITU, |
| Date of publication, distribution, etc. | 2007 |
| 600 ## - SUBJECT ADDED ENTRY--PERSONAL NAME | |
| Personal name | Telecommunication Engineering |
| 650 ## - SUBJECT ADDED ENTRY--TOPICAL TERM | |
| Topical term or geographic name entry element | Bachelor of Engineering (BE) |
No items available.

